Gave You Five Quiz Stats

 Plays Quiz Updated Oct 31, 2018

Also try: Gave You Five II
Challenge
Share
Tweet
Embed
Score 0/24 Timer 06:00
6 Plays Today
The Five The Category % Correct
Prancer
Cupid
Comet
Rudolph
Vixen
Santa's reindeer
91.5%
Pair
Straight
Full house
Flush
Four of a kind
Poker hands
90.3%
a bug's life
Monsters, Inc.
Up
Cars
WALL•E
Pixar films
90.3%
Tibia
Radius
Coccyx
Patella
Clavicle
Human bones
86.2%
Churchill
Blair
Thatcher
Disraeli
Pitt
Prime Ministers of the UK
84.1%
Leo
Capricorn
Scorpio
Virgo
Cancer
Signs of the zodiac
83.6%
Jan
Cindy
Bobby
Greg
Marcia
Brady Bunch kids
79.8%
Legolas
Sam
Boromir
Gimli
Gandalf
The Fellowship of the Ring
79.5%
Quebec
Alberta
British Columbia
New Brunswick
Nova Scotia
Canadian provinces
76.3%
Get Back
If I Fell
Something
Yesterday
Blackbird
Beatles songs
74.6%
Judas Iscariot
Thaddeus
Matthew
Thomas
Peter
The 12 Disciples
74.2%
Wild
Sharks
Blue Jackets
Panthers
Islanders
NHL Teams
68.4%
The Five The Category % Correct
Prague
Rome
Oslo
Tirana
Vienna
European capitals
67.7%
Helium
Radon
Argon
Krypton
Xenon
Noble gases
66.2%
Jupiter
Pluto
Vulcan
Minerva
Venus
Roman gods
60%
Interjection
Pronoun
Conjunction
Preposition
Adverb
Parts of speech
59.6%
'Trapper' John
'Hawkeye' Pierce
'Radar' O'Reilly
Father Mulcahy
'Hot Lips' Houlihan
M*A*S*H characters
58.5%
Casablanca
Cavalcade
Chariots of Fire
Crash
Cimarron
Best Picture Oscar Winners
57.9%
Cymbelline
Titus Andronicus
Measure for Measure
The Winter's Tale
King John
Shakepearean Plays
54.8%
Bart Starr
Desmond Howard
Jerry Rice
Aaron Rodgers
Joe Montana
Super Bowl MVPs
35.7%
Eddie Fisher
Nicky Hilton
Richard Burton
Larry Fortensky
Mike Todd
Husbands of Liz Taylor
32.4%
The Marriage of Figaro
The Magic Flute
Don Giovanni
Così fan tutte
The Impresario
Mozart operas
31.4%
David Tennant
Colin Baker
Jon Pertwee
Matt Smith
Tom Baker
Actors who played the Doctor in 'Doctor Who'
31.3%
Peru
Indonesia
Yakutsk
Iceland
Alaska
Risk territories
15.2%

You're not logged in!

Compare scores with friends on all Sporcle quizzes.
OR
Log In

You Might Also Like...

Show Comments

Extras

Top Quizzes Today


Score Distribution

Your Account Isn't Verified!

In order to create a playlist on Sporcle, you need to verify the email address you used during registration. Go to your Sporcle Settings to finish the process.

Report this User

Report this user for behavior that violates our Community Guidelines.

Details: